000 01172cam a2200289 i 4500
001 zz2007929575
003 NUKAT
005 20260411205822.0
008 070918s1917 gw d |001 0dger c
035 _a(OCoLC)749436845
035 _a(NUKAT)zz2007929575
040 _aTOR U/PDJR
_cTOR U/PDJR
_dTOR U/AP
_dKR 295/ADs
245 0 0 _aLexikon der Pädagogik.
_nBd. 5,
_pSulzer bis Zynismus : Nachträge, Namen- und Sachverzeichnis /
_cim Verein mit Fachmännern und unter besonderer Mitwirkung von Otto Willmann ; hrsg. von Ernst M. Roloff.
246 3 _aSulzer bis Zynismus
260 _aFreiburg im Breisgau :
_bHerdersche Verlagshandlung,
_c1917.
300 _aXVII, [1] s., 1308 szp. ;
_c26 cm.
336 _aTekst
_btxt
_2rdacontent
337 _aBez urządzenia pośredniczącego
_bn
_2rdamedia
338 _aWolumin
_bnc
_2rdacarrier
504 _aIndeks.
650 7 _aEdukacja
_vencyklopedie.
_2kaba
_939889
650 7 _aPedagogika
_vencyklopedie.
_2kaba
_939890
700 1 _aWillmann, Otto
_d(1839-1920).
_eOprac.
_939891
700 1 _aRoloff, Ernst Max
_d(1867-1935).
_eRed.
_939892
710 2 _aHerdersche Verlagsbuchhandlung.
_4pbl
_936009
942 _2ddc
_cBK_NM
999 _c27542
_d27542